00422nam a22001097a 4500082001200000100001900012245016000031260003700191300002000228650003700248700002700285 a620.005 aRiaz, NS Ifran aImpacts of Transactional and Transformational Styles of Leadership on Employee Performance, Comparative Study in GSM Operators of Pakistan /cNS Ifran Riaz aIslamabad :bCEME - NUST,c2014. a106 p. ;c30cm. aEngineering Management-MS-Thesis aDr. Akhtar Nawaz Malik